00738 2200253 4500001002100000005001500021035002000036007000300056008004100059020002200100082001000122084001600132100002700148245013600175250001000311260003900321300003000360650001500390700001700405520002900422520001100451990001100462990001100473INLIS00000000000293420190119114213 a0010-0119000286ta190119 g 0 ind  a978-602-313-048-1 a371.1 a371.1 MUH m0 aMUHAMMAD, Fathurrohman1 aModel-model Pembelajaran Inovatif :bAlternatif Desain Pembelajaran yang Menyenangkan /cMuhammad Fathurrohman; editor, Nur Hidayah acet.1 aYogyakarta :bAr-ruzz Media,c2017 a242 hlm. :bilus ;c24 cm aPENDIDIKAN0 aNUR, Hidayah aBiliografi: hlm. 223-237 aindeks a6423 a a6423 b